| 000 | 01494nam a2200361Ia 4500 | ||
|---|---|---|---|
| 001 | ebr10171528 | ||
| 003 | CaPaEBR | ||
| 006 | m u | ||
| 007 | cr cn||||||||| | ||
| 008 | 061206s2007 enk sb 001 0 eng d | ||
| 020 | _z9781403978172 (cased) | ||
| 020 | _z1403978174 (cased) | ||
| 040 |
_aCaPaEBR _cCaPaEBR |
||
| 035 | _a(OCoLC)648199714 | ||
| 050 | 1 | 4 |
_aHM826 _b.R436 2007eb |
| 082 | 0 | 4 |
_a306.091724 _222 |
| 245 | 0 | 0 |
_aReconfiguring institutions across time and space _h[electronic resource] : _bsyncretic responses to challenges of political and economic transformation / _cedited by Dennis Galvan and Rudra Sil. |
| 260 |
_aBasingstoke : _bPalgrave Macmillan, _c2007. |
||
| 300 | _axiii, 250 p. | ||
| 490 | 1 | _aPolitical evolution & institutional change | |
| 504 | _aIncludes bibliographical references and index. | ||
| 533 |
_aElectronic reproduction. _bPalo Alto, Calif. : _cebrary, _d2009. _nAvailable via World Wide Web. _nAccess may be limited to ebrary affiliated libraries. |
||
| 650 | 0 | _aSocial institutions. | |
| 650 | 0 | _aSocial change. | |
| 650 | 0 | _aOrganizational change. | |
| 650 | 0 | _aCulture and globalization. | |
| 655 | 7 |
_aElectronic books. _2local |
|
| 700 | 1 | _aGalvan, Dennis Charles. | |
| 700 | 1 |
_aSil, Rudra, _d1967- |
|
| 710 | 2 | _aebrary, Inc. | |
| 830 | 0 | _aPolitical evolution and institutional change. | |
| 856 | 4 | 0 |
_uhttp://site.ebrary.com/lib/rucke/Doc?id=10171528 _zAn electronic book accessible through the World Wide Web; click to view |
| 999 |
_c138536 _d138536 |
||